[Event "Moravia-Silesia Region-chT 2223"]
[Site "Czech Republic"]
[Date "2023.01.15"]
[Round "6"]
[White "Kriebel, Rudolf"]
[Black "Stusek, Petr"]
[Result "1-0"]
[WhiteElo "1759"]
[BlackElo "1471"]
[PlyCount "81"]
[EventDate "2022.10.09"]
[EventType "team-tourn"]
[EventRounds "11"]
[EventCountry "CZE"]
[SourceTitle "EXT 2024"]
[Source "ChessBase"]
[SourceDate "2023.10.10"]
[SourceVersion "1"]
[SourceVersionDate "2023.10.10"]
[SourceQuality "1"]
[WhiteTeam "Dolni Benesov II"]
[BlackTeam "Koprivnice Tatra II"]
[WhiteTeamCountry "CZE"]
[BlackTeamCountry "CZE"]

1. d4 c6 2. c4 d5 3. Nf3 Nf6 4. cxd5 cxd5 5. Nc3 Nc6 6. e3 a6 7. Bd3 Bg4 8. h3 Bh5 9. Be2 e6 10. a4 Bb4 11. Bd2 Qa5 12. 0-0 0-0 13. Nh4 Bxe2 14. Qxe2 Rac8 15. Nf3 Ne4 16. Rfc1 Nxd2 17. Nxd2 Bxc3 18. Rxc3 Rc7 19. Nb3 Qb4 20. Qc2 Rfc8 21. Nc5 Na5 22. Rc1 Rc6 23. Qe2 Nc4 24. R1c2 b5 25. b3 Na3 26. Nxa6 Qd6 27. Rxc6 Rxc6 28. Rxc6 Qxc6 29. axb5 Qxb5 30. Qxb5 Nxb5 31. Kf1 Kf8 32. Ke2 Ke7 33. Kd3 Kd7 34. Nc5+ Kc6 35. Na4 h6 36. f3 Nd6 37. g4 g5 38. Nc3 f6 39. e4 dxe4+ 40. fxe4 e5 41. b4 1-0

[Event "CZE-chT2F 1617"]
[Site "Czech Republic"]
[Date "2016.12.11"]
[Round "5.8"]
[White "Kriebel, Rudolf"]
[Black "Maj, Svatopluk"]
[Result "1/2-1/2"]
[WhiteElo "1826"]
[BlackElo "1908"]
[PlyCount "34"]
[EventDate "2016.10.09"]
[EventType "team-tourn"]
[EventRounds "11"]
[EventCountry "CZE"]
[SourceTitle "EXT 2022"]
[Source "ChessBase"]
[SourceDate "2021.10.06"]
[SourceVersion "1"]
[SourceVersionDate "2021.10.06"]
[SourceQuality "1"]
[WhiteTeam "Benesov Dolni"]
[BlackTeam "Vrbno pod Pradedem"]
[WhiteTeamCountry "CZE"]
[BlackTeamCountry "CZE"]

1. Nf3 c5 2. c4 Nf6 3. g3 Nc6 4. Nc3 e6 5. Bg2 Be7 6. 0-0 0-0 7. d4 d5 8. cxd5 Nxd5 9. Nxd5 Qxd5 10. dxc5 Qxc5 11. Be3 Qa5 12. Bd2 Qb6 13. Bc3 Rd8 14. Qc2 Bd7 15. Rfd1 Be8 16. a3 Rxd1+ 17. Rxd1 Rd8 1/2-1/2

[Event "Ostrava Konik op"]
[Site "Ostrava"]
[Date "2014.04.29"]
[Round "4"]
[White "Malinovsky, Petr"]
[Black "Kriebel, Rudolf"]
[Result "1/2-1/2"]
[WhiteElo "1969"]
[BlackElo "1889"]
[PlyCount "40"]
[EventDate "2014.04.26"]
[EventType "swiss"]
[EventRounds "9"]
[EventCountry "CZE"]
[SourceTitle "CBM 160 Extra"]
[Source "ChessBase"]
[SourceDate "2014.07.01"]
[SourceVersion "1"]
[SourceVersionDate "2014.07.01"]
[SourceQuality "1"]

1. d4 Nf6 2. c4 e6 3. Nc3 d5 4. cxd5 exd5 5. Bg5 Be7 6. e3 Nbd7 7. Qc2 c6 8. Bd3 h6 9. Bh4 g5 10. Bg3 Nh5 11. Nge2 Nxg3 12. Nxg3 Nb6 13. 0-0-0 Be6 14. Nf5 Bf6 15. Rhe1 Qd7 16. e4 0-0-0 17. e5 Be7 18. a3 Kb8 19. Ng7 Rhg8 20. Nxe6 fxe6 1/2-1/2

[Event "CZE-chT2F 1112"]
[Site "Czech Republic"]
[Date "2012.02.05"]
[Round "7.22"]
[White "Kriebel, Rudolf"]
[Black "Sikorova, Olga"]
[Result "0-1"]
[WhiteElo "1886"]
[BlackElo "2276"]
[PlyCount "50"]
[EventDate "2011.10.09"]
[EventType "team-tourn"]
[EventRounds "11"]
[EventCountry "CZE"]
[SourceTitle "EXT 2013"]
[Source "ChessBase"]
[SourceDate "2012.11.22"]
[SourceVersion "1"]
[SourceVersionDate "2012.11.22"]
[SourceQuality "1"]
[WhiteTeam "Dolni Benesov"]
[BlackTeam "Trinec II"]
[WhiteTeamCountry "CZE"]
[BlackTeamCountry "CZE"]

1. c4 c5 2. Nc3 Nc6 3. g3 g6 4. Bg2 Bg7 5. e3 d6 6. Nge2 e5 7. 0-0 Be6 8. b3 Qd7 9. Bb2 h5 10. Nd5 h4 11. d4 0-0-0 12. f4 exd4 13. exd4 hxg3 14. hxg3 Bg4 15. Bf3 Bxf3 16. Rxf3 Qh3 17. Kf2 Qh2+ 18. Ke1 Re8 19. Re3 Rxe3 20. Nxe3 cxd4 21. Nf1 Qg2 22. a3 Rh1 23. Kd2 Nf6 24. Kc2 Ng4 25. Rc1 Rxf1 0-1

[Event "CZE-chT2F 1112"]
[Site "Czech Republic"]
[Date "2012.01.22"]
[Round "6.63"]
[White "Kriebel, Rudolf"]
[Black "Splichal, Stanislav"]
[Result "0-1"]
[WhiteElo "1886"]
[BlackElo "2195"]
[PlyCount "64"]
[EventDate "2011.10.09"]
[EventType "team-tourn"]
[EventRounds "11"]
[EventCountry "CZE"]
[SourceTitle "EXT 2013"]
[Source "ChessBase"]
[SourceDate "2012.11.22"]
[SourceVersion "1"]
[SourceVersionDate "2012.11.22"]
[SourceQuality "1"]
[WhiteTeam "Dolni Benesov"]
[BlackTeam "Ostrava Mittal"]
[WhiteTeamCountry "CZE"]
[BlackTeamCountry "CZE"]

1. d4 Nf6 2. g3 g6 3. Bg2 Bg7 4. Nf3 0-0 5. 0-0 d6 6. c4 Nc6 7. Nc3 Na5 8. b3 c5 9. Bb2 cxd4 10. Nxd4 Bd7 11. e3 a6 12. Qd2 Rb8 13. Rfd1 b5 14. cxb5 axb5 15. Ncxb5 Bxb5 16. Bc3 Nxb3 17. axb3 Qd7 18. Nxb5 Qxb5 19. b4 Rfc8 20. Rdb1 Ne4 21. Bxe4 Bxc3 22. Qd1 Bxa1 23. Rxa1 Qxb4 24. Qf3 Qc3 25. Rd1 Rc5 26. h4 Qe5 27. Qg2 Rb2 28. Rf1 Ra5 29. Bf3 h5 30. Qh2 Raa2 31. Bh1 e6 32. Bf3 Qxe3 0-1

[Event "Tatry op"]
[Site "Tatranske Zruby"]
[Date "2011.09.30"]
[Round "7"]
[White "Kvassay, Peter"]
[Black "Kriebel, Rudolf"]
[Result "1-0"]
[WhiteElo "2080"]
[BlackElo "1886"]
[PlyCount "93"]
[EventDate "2011.09.25"]
[EventType "swiss"]
[EventRounds "9"]
[EventCountry "SVK"]
[SourceTitle "CBM 144 Extra"]
[Source "ChessBase"]
[SourceDate "2011.10.28"]
[SourceVersion "1"]
[SourceVersionDate "2011.10.28"]
[SourceQuality "1"]

1. d4 d5 2. Nf3 Nf6 3. e3 e6 4. c4 Be7 5. Nc3 0-0 6. Qc2 Nbd7 7. Bd3 dxc4 8. Bxc4 c5 9. 0-0 cxd4 10. Nxd4 Ne5 11. Bb3 a6 12. Qe2 Qc7 13. h3 Bd7 14. e4 Nc6 15. Be3 Nxd4 16. Bxd4 Bc5 17. Bxc5 Qxc5 18. e5 Nd5 19. Rac1 Nxc3 20. Rxc3 Qb6 21. Rg3 g6 22. Re1 Qb4 23. Rg4 Qe7 24. h4 Bb5 25. Qe3 Rfd8 26. h5 Rd3 27. Qf4 Rxb3 28. axb3 Bd3 29. Qf6 Qxf6 30. exf6 Kf8 31. Rd4 Bb5 32. hxg6 fxg6 33. Rxe6 Kf7 34. Rdd6 Re8 35. Rxe8 Bxe8 36. f3 Bb5 37. Kf2 h6 38. g3 Bc6 39. Ke3 Bb5 40. f4 Be8 41. Kd4 a5 42. Ke5 b5 43. Ra6 a4 44. bxa4 bxa4 45. Ra7+ Kf8 46. Ke6 a3 47. bxa3 1-0

[Event "Tatry op"]
[Site "Tatranske Zruby"]
[Date "2010.10.09"]
[Round "9"]
[White "Kriebel, Rudolf"]
[Black "Stanko, Ivan"]
[Result "1-0"]
[WhiteElo "1897"]
[BlackElo "1982"]
[PlyCount "75"]
[EventDate "2010.10.02"]
[EventType "swiss"]
[EventRounds "9"]
[EventCountry "SVK"]
[SourceTitle "CBM 138 Extra"]
[Source "ChessBase"]
[SourceDate "2010.10.29"]
[SourceVersion "1"]
[SourceVersionDate "2010.10.29"]
[SourceQuality "1"]

1. d4 Nf6 2. Nf3 g6 3. Bg5 Bg7 4. c4 d6 5. Nc3 0-0 6. e3 Bg4 7. Be2 a6 8. 0-0 h6 9. Bh4 Nbd7 10. Rc1 Rb8 11. Re1 c5 12. h3 cxd4 13. exd4 Bf5 14. g4 g5 15. gxf5 gxh4 16. Nxh4 Kh7 17. Kh1 Qb6 18. Qd3 Kh8 19. b3 Ng8 20. Rcd1 Ndf6 21. Rg1 Rfd8 22. Qg3 Bf8 23. d5 Qc7 24. Bd3 b5 25. Rg2 h5 26. Nf3 Bh6 27. Ng5 Rf8 28. Rdg1 bxc4 29. bxc4 Qc8 30. Qf4 Qe8 31. Qh4 Rb2 32. Ne2 Rd2 33. Nf4 a5 34. Be2 Rd4 35. Qg3 Ne4 36. Nxe4 Rxe4 37. Qh4 Rxf4 38. Qxh5 1-0

[Event "Ostrava op"]
[Site "Ostrava"]
[Date "2010.05.08"]
[Round "8"]
[White "Jacko, Vladimir1111"]
[Black "Kriebel, Rudolf"]
[Result "1-0"]
[WhiteElo "2130"]
[BlackElo "1900"]
[PlyCount "57"]
[EventDate "2010.05.01"]
[EventType "swiss"]
[EventRounds "9"]
[EventCountry "CZE"]
[SourceTitle "EXT 2011"]
[Source "ChessBase"]
[SourceDate "2010.11.26"]
[SourceVersion "1"]
[SourceVersionDate "2010.11.26"]
[SourceQuality "1"]

1. e4 c5 2. d4 cxd4 3. c3 Nf6 4. e5 Nd5 5. Nf3 e6 6. cxd4 Bb4+ 7. Nbd2 b6 8. a3 Bxd2+ 9. Bxd2 Ba6 10. Bxa6 Nxa6 11. 0-0 Nb8 12. Ng5 Qe7 13. Qh5 Nc6 14. Ne4 0-0 15. Nd6 Kh8 16. Qe2 Rac8 17. Qd3 Rc7 18. a4 f6 19. f4 Kg8 20. a5 Rb8 21. axb6 Rxb6 22. Bc3 f5 23. Ra4 Qh4 24. Qd2 Qd8 25. h3 Qb8 26. Rfa1 Rcb7 27. Nxb7 Qxb7 28. Kh2 g6 29. Rc4 1-0

[Event "Ostrava op"]
[Site "Ostrava"]
[Date "2010.05.05"]
[Round "5"]
[White "Jasso, Slavomir"]
[Black "Kriebel, Rudolf"]
[Result "1/2-1/2"]
[WhiteElo "1730"]
[BlackElo "1900"]
[PlyCount "83"]
[EventDate "2010.05.01"]
[EventType "swiss"]
[EventRounds "9"]
[EventCountry "CZE"]
[SourceTitle "EXT 2011"]
[Source "ChessBase"]
[SourceDate "2010.11.26"]
[SourceVersion "1"]
[SourceVersionDate "2010.11.26"]
[SourceQuality "1"]

1. d4 Nf6 2. c4 g6 3. Nc3 Bg7 4. e4 d6 5. Nf3 0-0 6. Be2 Nbd7 7. 0-0 c5 8. d5 Ng4 9. Qc2 Nge5 10. Nxe5 Nxe5 11. f4 Ng4 12. h3 Bd4+ 13. Kh1 Ne3 14. Bxe3 Bxe3 15. Rf3 Bd4 16. Bd3 Bd7 17. Ne2 Bf6 18. g4 a6 19. g5 Bg7 20. Raf1 b5 21. f5 Be5 22. h4 Qb6 23. b3 bxc4 24. bxc4 Rab8 25. Nf4 Qb2 26. Qxb2 Rxb2 27. R1f2 Rxf2 28. Rxf2 Rb8 29. Kg2 Bxf4 30. Rxf4 Rb2+ 31. Rf2 Rxf2+ 32. Kxf2 Kg7 33. Kf3 f6 34. Kg4 gxf5+ 35. exf5 fxg5 36. hxg5 Ba4 37. Be2 Bc2 38. Kf4 Bb1 39. a3 Bc2 40. Kg4 a5 41. Kf4 Ba4 42. Kg4 1/2-1/2

[Event "Ostrava op"]
[Site "Ostrava"]
[Date "2009.05.10"]
[Round "9"]
[White "Kriebel, Rudolf"]
[Black "Pyka, Milan"]
[Result "1-0"]
[WhiteElo "1890"]
[BlackElo "1765"]
[PlyCount "115"]
[EventDate "2009.05.02"]
[EventType "swiss"]
[EventRounds "9"]
[EventCountry "CZE"]
[SourceTitle "EXT 2011"]
[Source "ChessBase"]
[SourceDate "2010.11.26"]
[SourceVersion "1"]
[SourceVersionDate "2010.11.26"]
[SourceQuality "1"]

1. d4 Nf6 2. c4 g6 3. Nc3 Bg7 4. e4 d6 5. h3 0-0 6. Nf3 Nbd7 7. Bd3 e5 8. d5 Nc5 9. Bc2 a5 10. Bg5 h6 11. Be3 Nh7 12. Qd2 g5 13. g4 Qf6 14. Nh2 Bd7 15. 0-0-0 a4 16. Nf1 Rfb8 17. Ng3 b5 18. Nh5 Qe7 19. Nxg7 Kxg7 20. h4 b4 21. hxg5 b3 22. gxh6+ Kh8 23. axb3 a3 24. Bxc5 dxc5 25. bxa3 Rxa3 26. f3 Qf6 27. d6 c6 28. Qe3 Ra5 29. Na4 Ng5 30. Nxc5 Be6 31. Rh5 Nxf3 32. Nxe6 fxe6 33. g5 Qf7 34. g6 Qf6 35. Rf1 Ra1+ 36. Bb1 Rxb1+ 37. Kxb1 Nd2+ 38. Qxd2 Qxf1+ 39. Kc2 Ra8 40. g7+ Kh7 41. g8Q+ Rxg8 42. Rh2 Ra8 43. Kc3 Qa1+ 44. Qb2 Qe1+ 45. Rd2 Qxe4 46. Qc2 Qxc2+ 47. Kxc2 Kxh6 48. d7 Rd8 49. b4 e4 50. b5 e3 51. Rd3 cxb5 52. cxb5 Kg6 53. b6 Kf7 54. b7 Ke7 55. Kd1 e5 56. Ke2 e4 57. Rd4 Ke6 58. b8Q 1-0